Programa L y C: leer y comprender
Gorde:
| Egile Nagusiak: | , , |
|---|---|
| Beste egile batzuk: | , |
| Formatua: | Liburua |
| Hizkuntza: | gaztelania |
| Argitaratua: |
Santiago
Andrés Bello
1997
|
| Edizioa: | 2a. ed |
| Gaiak: | |
| Etiketak: |
Etiketa erantsi
Etiketarik gabe, Izan zaitez lehena erregistro honi etiketa jartzen!
|
MARC
| LEADER | 00000nam a2200000 a 4500 | ||
|---|---|---|---|
| 001 | UCH8344 | ||
| 003 | CL-VaPUC | ||
| 008 | 091127e19970000CL |||||||||||||||||spa|d | ||
| 020 | |a 9561313448v.1 | ||
| 020 | |a 9561313510v.2 | ||
| 082 | 0 | 4 | |a 372.41 |b PER |2 21 |
| 100 | |a Peronard Thierry, Marianne |e autora |9 781268 | ||
| 700 | |a Gómez Macker, Luis Adolfo |e autor |9 492261 | ||
| 700 | |a Parodi Sweis, Giovanni Emmanuel |e autor |9 783477 | ||
| 700 | 0 | |a Nuñez Lagos, Paulina |e author |9 544877 | |
| 700 | |a González Muñoz, Juan Manuel |e author |9 749563 | ||
| 245 | 1 | 0 | |a Programa L y C: leer y comprender |
| 250 | |a 2a. ed | ||
| 300 | |a 2 v | ||
| 942 | |c BK | ||
| 945 | |d 20091127 00:00:00 |a lazolas | ||
| 260 | |a Santiago |b Andrés Bello |c 1997 | ||
| 500 | |a Contiene en forma separada Guía para el profesor | ||
| 500 | |a Declarado material didáctico complementario y de consulta por el Ministerio de Educación | ||
| 650 | 0 | |a Lectura |9 307634 | |
| 650 | 0 | |a Escritura |9 264941 | |
| 650 | 0 | |a Hábitos de lectura |9 345590 | |
| 650 | 0 | |a Promoción de la lectura |9 334232 | |
| 650 | 0 | |a Comprensión de lectura |9 307588 | |
| 650 | 0 | |a Educación básica |9 224933 | |
| 583 | |a last modification |c 20170829 04:49:43 |k Rodrigo Vera | ||
| 999 | |c 338567 |d 338565 | ||